Visualizzazione normale
Vista MARC
- Ciampi P.
di Personal Name
Records bibliografici associati: 1
001 - CONTROL NUMBER
- control field: 4391
003 - CONTROL NUMBER IDENTIFIER
- control field: IT-RoPau
005 - DATE AND TIME OF LATEST TRANSACTION
- control field: 20131129105144.0
008 - FIXED-LENGTH DATA ELEMENTS
- fixed length control field: 131129|| aca||aabn | a|a d
040 ## - CATALOGING SOURCE
- Original cataloging agency: IT-RoPau
- Transcribing agency: IT-RoPau
100 ## - HEADING--PERSONAL NAME
- Personal name: Ciampi P.
- Miscellaneous information: Codice autore testo/musica SPICS: 24217
- Relator term: Autore testo/musica
- Name of part/section of a work: Samba per un amore - Il tuo volto - Stasera resta qui - Primavera a Roma - Ti ho sognato - Sono stanca
670 ## - SOURCE DATA FOUND
- Source citation: Work cat.: (IT-RoPau)103719: AA.VV. 794, Lucia Rango Show (Lp Tlp 102)